00409nam a2200145Ia 4500003000500000008004100005020001800046040001900064082000700083100001900090245010500109260002900214300000800243546001200251STCL181203s9999 xx 000 0 und d a9780387955780 aSTCLbENcSTCL 222 aChung, Kai Lai 0aElementary Probability Theory: With Stochastic Processes and an Introduction to Mathematical Finance bSpringeraNew Yorkc2003 a402 aEnglish